Balance hídrico superficial de la sub cuenca del rio Mico.
Presenta el análisis del balance hídrico superficial de la sub cuenca del rio Mico que pertenece a una de las trece cuencas de la vertiente del atlántico la cual es la número 61, este rio se extiende ciento ochenta y nuevo kilómetros entre el Rama - RASS y la Libertad Chontales.
| Main Authors: | , |
|---|---|
| Other Authors: | |
| Format: | Tesis Section = Libro |
| Language: | Undetermined Spanish |
| Published: |
Managua
UNI
2011
|
| Subjects: |
| LEADER | 01054nam a2200253Ia 4500 | ||
|---|---|---|---|
| 008 | 240830s9999 xx 000 0 und d | ||
| 040 | |a BIBLIOTECA-RUPAP Mon 551.48 Z49 | ||
| 041 | |a spa | ||
| 082 | |a Mon 551.48 Z49 | ||
| 100 | 1 | |a Zeledón Báez, Ernesto José | |
| 100 | 1 | |b Hernández Duran, Noé Salatiel | |
| 245 | 1 | 0 | |a Balance hídrico superficial de la sub cuenca del rio Mico. |
| 260 | |a Managua |b UNI |c 2011 | ||
| 300 | |a 51 p. :il. | ||
| 500 | |a Contiene: anexos. | ||
| 502 | |a Tesis (Ingeniero Civil)- UNI, 2011. | ||
| 520 | 3 | |a Presenta el análisis del balance hídrico superficial de la sub cuenca del rio Mico que pertenece a una de las trece cuencas de la vertiente del atlántico la cual es la número 61, este rio se extiende ciento ochenta y nuevo kilómetros entre el Rama - RASS y la Libertad Chontales. | |
| 650 | 7 | |a HIDROLOGIA | |
| 650 | 7 | |b ANALISIS HIDROLOGICO | |
| 650 | 7 | |c BALANCE HIDRICO - CUENCAS HIDROGRAFICAS | |
| 700 | 1 | |a Tutor: |b Blanco Chávez, Miguel Enrique | |
| 942 | |c BK |2 ddc | ||
| 991 | |a TESIS | ||
| 999 | |c 15660 | ||